Statistics for Country by Celebrities

Click here to take the quiz!

General Stats

  • This quiz has been taken 57 times
  • The average score is 8 of 12

Answer Stats

Answer% Correct
Canada
98%
Australia
93%
United States
89%
Portugal
87%
Ireland
69%
United Kingdom
64%
Mexico
58%
Ukraine
58%
Israel
56%
Sweden
56%
Brazil
47%
France
44%

Score Distribution

Percentile by Number Answered

Percent of People with Each Score

Your Score History

You have not taken this quiz